00325nam a2200133Ia 4500008004100000041000800041082001600049100001500065245002900080260002800109300000800137365001600145700003000161230718s9999 xx 000 0 und d aeng a629.83bBHI aBhide S.D. aFeedback Control Systems c1993bShree Publication a339 cRs.b100.00 aBhide S.D. & Bakshi U.A.